| 000 | 00000nam##2200000za#4500 |
| 001 | 9.680426 |
| 003 | CaOODSP |
| 005 | 20210507160758 |
| 007 | ta |
| 008 | 150407|1998||||xxc||||| f|0| 0 fre|d |
| 020 | |a0-662-82869-0 |
| 040 | |aCaOODSP|bfre |
| 043 | |an-cn--- |
| 086 | 1 |aCW66-167/1998F |
| 110 | 2 |aService canadien de la faune. |
| 245 | 13|aLa biodiversité au Canada: on en prend soin : |bpremier rapport national du Canada à la Conférence des Parties à la Convention sur la diversité biologique |
| 260 | |aOttawa - Ontario : |bEnvironnement Canada. |c1998. |
| 300 | |a40p. : |bfigures, références ; |c28 cm. |
| 500 | |aDonnées de catalogage avant publication (Canada) imprimées dans cette publication. «Voici le premier rapport du Canada à la Conférence des Parties à la Convention sur la diversité biologique. Comme les Parties l'ont décidé lors de leur deuxième réunion, ce premier rapport présente les progrès, les leçons retenues et les défis liées à la mise en oeuvre de l'article 6 de la Convention sur la diversité biologique."--Au sujet de ce présent rapport. |
| 520 | 3 |aVoici le premier rapport du Canada à la Conférence des Parties à la Convention sur la diversité biologique. Comme les Parties l'ont décidé lors de leur deuxième réunion, ce premier rapport présente les progrès, les leçons retenues et les défis liées à la mise en oeuvre de l'article 6 de la Convention sur la diversité biologique.--Au sujet de ce présent rapport |
| 563 | |aCouverture souple |
| 590 | |a98-33|b1998-08-14 |
| 775 | 08|tCaring for Canada's biodiversity : |w(CaOODSP)9.646935 |
| 776 | 0#|tLa biodiversité au Canada : on en prend soin : |w(CaOODSP)9.638092 |